[Event "Scarborough Foundation 47th"]
[Site "Scarborough"]
[Date "2024.10.25"]
[Round "1.14"]
[White "Wilson, Daniel"]
[Black "Hicks, Sean"]
[Result "1-0"]
[WhiteElo "1503"]
[BlackElo "1224"]
[PlyCount "89"]
[EventDate "2024.10.25"]
[EventType "swiss"]
[EventRounds "5"]
[EventCountry "ENG"]
[SourceTitle "BritBase"]
[Source "John Saunders"]
[SourceDate "2025.02.10"]
[SourceVersion "1"]
[SourceVersionDate "2025.02.10"]
[SourceQuality "1"]

1. e4 d6 2. d4 Nf6 3. Nc3 g6 4. f4 Bg7 5. e5 Nfd7 6. Nf3 c5 7. exd6 exd6 8. Qe2+ Qe7 9. Nd5 Qxe2+ 10. Bxe2 Kd8 11. Ng5 Rf8 12. f5 Nb6 13. Nxb6 axb6 14. fxg6 fxg6 15. dxc5 bxc5 16. Bf3 Re8+ 17. Kd1 Nc6 18. c3 Ne5 19. Re1 Ra7 20. h3 b6 21. Be4 Bb7 22. Bxb7 Rxb7 23. Bf4 Rbe7 24. Kc2 c4 25. Bxe5 Bxe5 26. Nf3 Bg3 27. Rxe7 Rxe7 28. Rd1 Bf4 29. Nd4 Kd7 30. Rf1 Be5 31. Rd1 d5 32. Nf3 Kd6 33. Re1 Bg3 34. Rxe7 Kxe7 35. a4 Kf6 36. b3 cxb3+ 37. Kxb3 Bc7 38. g4 Bd8 39. Kb4 Ke6 40. Kb5 Kd6 41. h4 Kc7 42. h5 gxh5 43. gxh5 Bf6 44. Nd4 Bg5 45. Ne6+ 1-0

[Event "Scarborough Foundation 47th"]
[Site "Scarborough"]
[Date "2024.10.25"]
[Round "1.15"]
[White "Todd, James"]
[Black "Springett, Michael"]
[Result "0-1"]
[WhiteElo "1191"]
[BlackElo "1495"]
[PlyCount "52"]
[EventDate "2024.10.25"]
[EventType "swiss"]
[EventRounds "5"]
[EventCountry "ENG"]
[SourceTitle "BritBase"]
[Source "John Saunders"]
[SourceDate "2025.02.10"]
[SourceVersion "1"]
[SourceVersionDate "2025.02.10"]
[SourceQuality "1"]

1. e4 e6 2. d4 d5 3. e5 c5 4. Nf3 Nc6 5. b3 Bd7 6. Bb2 Rc8 7. Nbd2 Qb6 8. c4 cxd4 9. Bd3 Nge7 10. O-O a5 11. a3 Ng6 12. Re1 Nf4 13. Bf1 Be7 14. g3 Ng6 15. Rc1 O-O 16. Qc2 Rfd8 17. c5 Qc7 18. Nxd4 Ncxe5 19. Nb5 Bxb5 20. Bxb5 Bxc5 21. Bd3 Bxf2+ 22. Kxf2 Qb6+ 23. Bd4 Qxd4+ 24. Ke2 Rxc2 25. Rxc2 Qxd3+ 26. Kd1 Nf3 0-1

[Event "Scarborough Foundation 47th"]
[Site "Scarborough"]
[Date "2024.10.25"]
[Round "1.16"]
[White "Singh, Amandeep"]
[Black "Conyers-Kelly, Toby"]
[Result "1-0"]
[WhiteElo "1488"]
[BlackElo "1191"]
[PlyCount "85"]
[EventDate "2024.10.25"]
[EventType "swiss"]
[EventRounds "5"]
[EventCountry "ENG"]
[SourceTitle "BritBase"]
[Source "John Saunders"]
[SourceDate "2025.02.10"]
[SourceVersion "1"]
[SourceVersionDate "2025.02.10"]
[SourceQuality "1"]

1. e4 e5 2. Nf3 Nc6 3. Bc4 h6 4. d3 d6 5. O-O Nf6 6. Nc3 Bg4 7. h3 Bxf3 8. Qxf3 Nd4 9. Qd1 c6 10. Be3 d5 11. exd5 cxd5 12. Bb5+ Nxb5 13. Nxb5 a6 14. Na3 d4 15. Bd2 Be7 16. Nc4 Nd7 17. Re1 Qc7 18. Qe2 f6 19. Qh5+ Kf8 20. a4 b6 21. Qf3 Ra7 22. Re2 g6 23. Rae1 Kg7 24. Qg4 a5 25. f4 Bb4 26. Bxb4 axb4 27. fxe5 f5 28. Qxd4 Qc5 29. Qxc5 Nxc5 30. b3 Re8 31. Nd6 Re6 32. d4 Nb7 33. Nxb7 Rxb7 34. d5 Re8 35. e6 Kf6 36. d6 Rbb8 37. e7 Rb7 38. Rd1 Rd7 39. Kf2 Rexe7 40. dxe7 Rxe7 41. Rd6+ Kf7 42. Rxe7+ Kxe7 43. Rxg6 1-0

[Event "Scarborough Foundation 47th"]
[Site "Scarborough"]
[Date "2024.10.25"]
[Round "1.17"]
[White "Dickson, Diane"]
[Black "Farrow, Ian"]
[Result "0-1"]
[WhiteElo "1189"]
[BlackElo "1483"]
[PlyCount "50"]
[EventDate "2024.10.25"]
[EventType "swiss"]
[EventRounds "5"]
[EventCountry "ENG"]
[SourceTitle "BritBase"]
[Source "John Saunders"]
[SourceDate "2025.02.10"]
[SourceVersion "1"]
[SourceVersionDate "2025.02.10"]
[SourceQuality "1"]

1. d4 Nf6 2. Bf4 d5 3. e3 e6 4. c3 Bd6 5. Ne2 Nbd7 6. Ng3 O-O 7. Bd3 Bxf4 8. exf4 c5 9. Nd2 c4 10. Bc2 b5 11. Nf3 a5 12. Qb1 b4 13. Ng5 g6 14. O-O Rb8 15. f5 exf5 16. Nxf5 Nb6 17. Nh6+ Kg7 18. Nf5+ gxf5 19. g4 Ne4 20. h4 h6 21. Nf3 fxg4 22. Ne5 f5 23. Nc6 Qxh4 24. Nxb8 Nd2 25. Qe1 Nf3+ 0-1

[Event "Scarborough Foundation 47th"]
[Site "Scarborough"]
[Date "2024.10.25"]
[Round "1.18"]
[White "Haydock, Mark"]
[Black "Galloway, Peter"]
[Result "1/2-1/2"]
[WhiteElo "1186"]
[BlackElo "1481"]
[PlyCount "118"]
[EventDate "2024.10.25"]
[EventType "swiss"]
[EventRounds "5"]
[EventCountry "ENG"]
[SourceTitle "BritBase"]
[Source "John Saunders"]
[SourceDate "2025.02.10"]
[SourceVersion "1"]
[SourceVersionDate "2025.02.10"]
[SourceQuality "1"]

1. d4 d5 2. Bf4 e6 3. e3 Nf6 4. Nf3 c6 5. Nbd2 Bd6 6. Ne5 Qc7 7. Ndf3 h6 8. h4 Nbd7 9. g3 Nh5 10. Bd3 Nxf4 11. gxf4 Nxe5 12. fxe5 Qa5+ 13. Ke2 Bf8 14. c3 c5 15. a3 c4 16. Bc2 Bd7 17. Nd2 Bb5 18. f4 O-O-O 19. a4 Ba6 20. Kf3 Qc7 21. Ra2 Kb8 22. Qa1 f6 23. exf6 gxf6 24. h5 e5 25. Rh4 e4+ 26. Kf2 Rg8 27. Rh1 Bd6 28. Rh4 Rg7 29. b3 Rdg8 30. Qf1 Rg4 31. Qh3 f5 32. Bd1 Rxh4 33. Qxh4 cxb3 34. Rb2 Qxc3 35. Qf6 Qxb2 36. Qxd6+ Ka8 37. Ke1 Rg1+ 38. Kf2 Qxd2+ 39. Kxg1 Qxd1+ 40. Kh2 Qxh5+ 41. Kg2 Qg4+ 42. Kh2 Qe2+ 43. Kg3 Qxe3+ 44. Kh4 Qf2+ 45. Kh5 Qh2+ 46. Kg6 Qg3+ 47. Kf7 b6 48. Qxd5+ Kb8 49. Qd6+ Kc8 50. Qc6+ Kb8 51. Qd6+ Kc8 52. Qf8+ Kc7 53. Qe7+ Kc6 54. Qe6+ Kc7 55. Qe5+ Kc8 56. Qe6+ Kb8 57. Qd6+ Kc8 58. Qc6+ Kb8 59. Qd6+ Kc8 1/2-1/2

[Event "Scarborough Foundation 47th"]
[Site "Scarborough"]
[Date "2024.10.25"]
[Round "1.19"]
[White "Carey, Con"]
[Black "Gartside, Jenny"]
[Result "0-1"]
[WhiteElo "1472"]
[BlackElo "1168"]
[PlyCount "76"]
[EventDate "2024.10.25"]
[EventType "swiss"]
[EventRounds "5"]
[EventCountry "ENG"]
[SourceTitle "BritBase"]
[Source "John Saunders"]
[SourceDate "2025.02.10"]
[SourceVersion "1"]
[SourceVersionDate "2025.02.10"]
[SourceQuality "1"]

1. d4 e6 2. c3 d5 3. Bf4 Nf6 4. e3 Be7 5. Nd2 O-O 6. Bd3 b6 7. Ngf3 Ba6 8. Qe2 Bxd3 9. Qxd3 Nbd7 10. Ne5 Nxe5 11. dxe5 Nd7 12. Nf3 c5 13. c4 dxc4 14. Qxc4 h6 15. Rd1 Qc7 16. O-O Rfd8 17. g4 Nf8 18. g5 Rxd1 19. Rxd1 Rd8 20. Rxd8 Qxd8 21. gxh6 g6 22. Qe2 Nh7 23. Qf1 Qd5 24. Qe2 Qxa2 25. h4 Qb1+ 26. Kh2 Qf5 27. Qb5 Qg4 28. Qe8+ Bf8 29. Qa8 a5 30. Bg3 a4 31. Nd2 Qb4 32. Qb8 Qxd2 33. Qxb6 Qb4 34. Qd8 Qxb2 35. Kg2 a3 36. Bf4 Qb7+ 37. Kg3 a2 38. Qa5 Qb1 0-1

[Event "Scarborough Foundation 47th"]
[Site "Scarborough"]
[Date "2024.10.25"]
[Round "1.20"]
[White "Britton, Nicola"]
[Black "Fischer, Paul"]
[Result "0-1"]
[WhiteElo "1160"]
[BlackElo "1468"]
[PlyCount "44"]
[EventDate "2024.10.25"]
[EventType "swiss"]
[EventRounds "5"]
[EventCountry "ENG"]
[SourceTitle "BritBase"]
[Source "John Saunders"]
[SourceDate "2025.02.10"]
[SourceVersion "1"]
[SourceVersionDate "2025.02.10"]
[SourceQuality "1"]

1. e4 e5 2. Bc4 Nf6 3. Nc3 Bc5 4. Qe2 Nc6 5. b3 Nd4 6. Qd3 a6 7. Nf3 Nc6 8. O-O d6 9. Nd5 Na5 10. Nxf6+ Qxf6 11. Re1 Nxc4 12. Qxc4 Bg4 13. b4 Bb6 14. Bb2 Bxf3 15. gxf3 Qxf3 16. Qf1 O-O-O 17. Red1 Rde8 18. c4 Re6 19. Qg2 Rg6 20. Qxg6 Qxf2+ 21. Kh1 hxg6 22. Rf1 Rxh2# 0-1

[Event "Scarborough Foundation 47th"]
[Site "Scarborough"]
[Date "2024.10.25"]
[Round "1.21"]
[White "Virgos Matilla, Luis"]
[Black "Amir, Shahmeer"]
[Result "0-1"]
[WhiteElo "1462"]
[BlackElo "1145"]
[PlyCount "28"]
[EventDate "2024.10.25"]
[EventType "swiss"]
[EventRounds "5"]
[EventCountry "ENG"]
[SourceTitle "BritBase"]
[Source "John Saunders"]
[SourceDate "2025.02.10"]
[SourceVersion "1"]
[SourceVersionDate "2025.02.10"]
[SourceQuality "1"]

1. d4 e5 2. dxe5 Nc6 3. Nf3 Qe7 4. Nc3 Nxe5 5. e4 Nf6 6. Nxe5 Qxe5 7. Qf3 d5 8. Bf4 Qe7 9. O-O-O Bg4 10. Qxg4 Nxg4 11. Nxd5 Qc5 12. Nxc7+ Ke7 13. Bd6+ Qxd6 14. Rxd6 Kxd6 0-1

[Event "Scarborough Foundation 47th"]
[Site "Scarborough"]
[Date "2024.10.25"]
[Round "1.22"]
[White "Lau, Louis"]
[Black "Butler, Rene"]
[Result "0-1"]
[WhiteElo "1125"]
[BlackElo "1462"]
[PlyCount "84"]
[EventDate "2024.10.25"]
[EventType "swiss"]
[EventRounds "5"]
[EventCountry "ENG"]
[SourceTitle "BritBase"]
[Source "John Saunders"]
[SourceDate "2025.02.10"]
[SourceVersion "1"]
[SourceVersionDate "2025.02.10"]
[SourceQuality "1"]

1. d4 Nf6 2. Bf4 d5 3. Nc3 Bf5 4. Nf3 e6 5. e3 a6 6. Bd3 Bxd3 7. cxd3 Bd6 8. g3 Bxf4 9. gxf4 Nc6 10. Ne5 Nxe5 11. dxe5 Nd7 12. Rg1 g6 13. Qc2 Qh4 14. Rg2 Qh3 15. Kf1 Rg8 16. f3 Qxf3+ 17. Qf2 Qxf2+ 18. Kxf2 O-O-O 19. d4 c5 20. Rc1 c4 21. e4 Nb6 22. b3 Kd7 23. Kf3 Rc8 24. Rgc2 Rc7 25. Rb2 cxb3 26. axb3 Rgc8 27. Rbc2 Na8 28. exd5 exd5 29. Kg4 b5 30. b4 Nb6 31. Kf3 Kd8 32. Ke3 Na4 33. Kd3 Nxc3 34. Rxc3 Rxc3+ 35. Rxc3 Rxc3+ 36. Kxc3 Ke7 37. h4 Ke6 38. Kd3 Kf5 39. Ke3 Kg4 40. f5 Kxf5 41. Kf3 g5 42. h5 g4+ 0-1

[Event "Scarborough Foundation 47th"]
[Site "Scarborough"]
[Date "2024.10.25"]
[Round "1.23"]
[White "Brown, Stephanie"]
[Black "Roberts, David"]
[Result "1-0"]
[WhiteElo "1457"]
[BlackElo "1105"]
[PlyCount "99"]
[EventDate "2024.10.25"]
[EventType "swiss"]
[EventRounds "5"]
[EventCountry "ENG"]
[SourceTitle "BritBase"]
[Source "John Saunders"]
[SourceDate "2025.02.10"]
[SourceVersion "1"]
[SourceVersionDate "2025.02.10"]
[SourceQuality "1"]

1. d4 d6 2. c4 g6 3. Nf3 Bg7 4. e4 Nf6 5. Nc3 O-O 6. Bf4 c5 7. d5 Bd7 8. Bd3 e5 9. Bg5 b6 10. Qd2 Na6 11. a3 Nc7 12. h3 Nce8 13. Ne2 a6 14. a4 Rb8 15. O-O b5 16. axb5 axb5 17. b3 b4 18. Ra7 Ra8 19. Rfa1 Rxa7 20. Rxa7 Qc8 21. Ng3 Kh8 22. Bh6 Ng8 23. Be3 Nef6 24. Qa2 Rd8 25. Ng5 Rf8 26. Qa6 Qb8 27. Ra8 Qxa8 28. Qxa8 h6 29. Qxf8 Bxf8 30. Nxf7+ Kg7 31. Nd8 h5 32. f4 h4 33. Ne2 Kh7 34. Bf2 Be7 35. Nb7 Nh5 36. Be3 Ng3 37. Nxg3 hxg3 38. f5 Nh6 39. f6 Bxf6 40. Nxd6 Be7 41. Bxc5 g5 42. Bxb4 g4 43. Bf1 gxh3 44. gxh3 Bg5 45. Bg2 Be3+ 46. Kf1 Bf2 47. c5 Nf7 48. c6 Nxd6 49. cxd7 Nxe4 50. Bxe4+ 1-0

[Event "Scarborough Foundation 47th"]
[Site "Scarborough"]
[Date "2024.10.25"]
[Round "1.24"]
[White "Harle, George"]
[Black "Coleman, Patrick N"]
[Result "0-1"]
[WhiteElo "1094"]
[BlackElo "1447"]
[PlyCount "88"]
[EventDate "2024.10.25"]
[EventType "swiss"]
[EventRounds "5"]
[EventCountry "ENG"]
[SourceTitle "BritBase"]
[Source "John Saunders"]
[SourceDate "2025.02.10"]
[SourceVersion "1"]
[SourceVersionDate "2025.02.10"]
[SourceQuality "1"]

1. d4 d5 2. Nf3 c6 3. Bf4 Nf6 4. e3 Bg4 5. Bd3 e6 6. Nbd2 Nbd7 7. c4 Bb4 8. O-O Bxd2 9. Qxd2 Bxf3 10. gxf3 O-O 11. Qb4 b6 12. Rac1 c5 13. Qd2 Rc8 14. e4 cxd4 15. Kh1 e5 16. Bh6 gxh6 17. Qxh6 Kh8 18. Rg1 Rg8 19. Rg2 Rg6 20. Rxg6 fxg6 21. exd5 Qf8 22. Qh4 Qg7 23. Rg1 Nf8 24. b4 a5 25. d6 axb4 26. Rb1 Rd8 27. Qg5 Rxd6 28. Qxe5 Re6 29. Qxd4 Qe7 30. Kg2 Rd6 31. Re1 Rxd4 32. Rxe7 Rxd3 33. Re1 Rc3 34. Kg3 Rxc4 35. Re5 Kg7 36. Re7+ Kh6 37. h4 Nh5+ 38. Kh3 Rc2 39. Rb7 Rxf2 40. Rf7 Ne6 41. Kg4 Rg2+ 42. Kh3 Rxa2 43. Rf6 Ra3 44. Rxe6 Nf4+ 0-1

[Event "Scarborough Foundation 47th"]
[Site "Scarborough"]
[Date "2024.10.25"]
[Round "1.25"]
[White "Carling, Scott J"]
[Black "Daysh, Sofia"]
[Result "1-0"]
[WhiteElo "1447"]
[BlackElo "1092"]
[PlyCount "75"]
[EventDate "2024.10.25"]
[EventType "swiss"]
[EventRounds "5"]
[EventCountry "ENG"]
[SourceTitle "BritBase"]
[Source "John Saunders"]
[SourceDate "2025.02.10"]
[SourceVersion "1"]
[SourceVersionDate "2025.02.10"]
[SourceQuality "1"]

1. e4 e5 2. Nf3 Nc6 3. d4 d6 4. h3 Nf6 5. Bg5 g6 6. dxe5 dxe5 7. Qxd8+ Nxd8 8. Bxf6 Rg8 9. Nc3 Nc6 10. O-O-O Be6 11. Bb5 a6 12. Bxc6+ bxc6 13. Nxe5 Be7 14. Bxe7 Kxe7 15. Nxc6+ Kf6 16. Nd5+ Kg7 17. Nxc7 Rac8 18. Nxe6+ fxe6 19. Ne7 Rge8 20. Nxc8 Rxc8 21. Rd7+ Kh6 22. Rhd1 Rf8 23. f3 a5 24. Ra7 a4 25. Rxa4 Rh8 26. b4 Rb8 27. Rd3 e5 28. Rb3 g5 29. g4 Kg6 30. b5 h5 31. b6 hxg4 32. hxg4 Kf7 33. b7 Ke7 34. Ra8 Rxa8 35. bxa8=Q Ke6 36. Rb6+ Kf7 37. Qa7+ Kg8 38. Rb8# 1-0

[Event "Scarborough Foundation 47th"]
[Site "Scarborough"]
[Date "2024.10.25"]
[Round "1.26"]
[White "Hutchinson, Stephen A"]
[Black "Jones, Simon"]
[Result "0-1"]
[WhiteElo "1072"]
[BlackElo "1423"]
[PlyCount "86"]
[EventDate "2024.10.25"]
[EventType "swiss"]
[EventRounds "5"]
[EventCountry "ENG"]
[SourceTitle "BritBase"]
[Source "John Saunders"]
[SourceDate "2025.02.10"]
[SourceVersion "1"]
[SourceVersionDate "2025.02.10"]
[SourceQuality "1"]

1. d4 d5 2. Nf3 Nf6 3. Bf4 Bg4 4. h3 Bxf3 5. exf3 e6 6. Nd2 Bd6 7. Bxd6 Qxd6 8. Bb5+ c6 9. Bd3 O-O 10. O-O Nbd7 11. Qe2 c5 12. dxc5 Nxc5 13. Qe3 Nxd3 14. cxd3 Rfc8 15. f4 Rc2 16. Nf3 Rxb2 17. Rfc1 d4 18. Nxd4 Nd5 19. Qe4 Qxf4 20. Qxf4 Nxf4 21. Rc4 Nxd3 22. a4 Rb4 23. Ra3 Rxc4 24. Rxd3 Rxa4 25. Nf3 Ra5 26. Rd7 b6 27. Nd4 Rd5 28. Nc6 Rxd7 29. Kh2 a5 30. Ne5 Rd5 31. Nc6 Kf8 32. g4 a4 33. Kg3 a3 34. f4 a2 35. h4 a1=Q 36. f5 exf5 37. gxf5 Qc3+ 38. Kg4 Qxc6 39. Kg5 h6+ 40. Kg4 Ra4+ 41. Kf3 Qc3+ 42. Ke2 Ra2+ 43. Kf1 Qc1# 0-1

[Event "Scarborough Foundation 47th"]
[Site "Scarborough"]
[Date "2024.10.25"]
[Round "1.27"]
[White "Harold, Lawrence"]
[Black "Smith, Alan"]
[Result "1-0"]
[WhiteElo "1422"]
[BlackElo "1066"]
[PlyCount "151"]
[EventDate "2024.10.25"]
[EventType "swiss"]
[EventRounds "5"]
[EventCountry "ENG"]
[SourceTitle "BritBase"]
[Source "John Saunders"]
[SourceDate "2025.02.10"]
[SourceVersion "1"]
[SourceVersionDate "2025.02.10"]
[SourceQuality "1"]

1. e4 e5 2. Nf3 Nf6 3. Nxe5 Nc6 4. Nxc6 dxc6 5. d3 Bc5 6. Be3 Bb6 7. Be2 Be6 8. O-O Qd7 9. Bxb6 cxb6 10. c3 c5 11. f3 O-O-O 12. a4 a5 13. Qc2 h5 14. Kh1 h4 15. Rd1 h3 16. g3 Nh5 17. b4 Qc7 18. bxa5 Nxg3+ 19. hxg3 Qxg3 20. Rg1 Qf4 21. a6 bxa6 22. Qb2 Kb7 23. Na3 h2 24. Rgb1 Rd6 25. Nc4 Bxc4 26. dxc4 Qg3 27. Rd1 Rhd8 28. Rxd6 Rxd6 29. Rf1 Rg6 30. Bd3 Rf6 31. Qg2 Qe5 32. Qxg7 Qxc3 33. Be2 Qe5 34. Qh7 Qf4 35. Rf2 Rh6 36. Qf5 Qxf5 37. exf5 f6 38. Rxh2 Rxh2+ 39. Kxh2 Kc6 40. Kh3 Kd6 41. f4 Ke7 42. Kh4 Kf7 43. Kh5 Kg7 44. Bf3 Kh7 45. Bb7 a5 46. Bc6 Kg7 47. Bd5 Kh7 48. Bf7 Kg7 49. Bg6 Kh8 50. Kh6 Kg8 51. Be8 Kf8 52. Bh5 Ke7 53. Kg7 b5 54. cxb5 c4 55. b6 Kd8 56. Kxf6 c3 57. Bd1 Kc8 58. Ke6 Kb7 59. f6 Kxb6 60. f7 Kc5 61. f8=Q+ Kd4 62. Bc2 Ke3 63. Qd8 Kxf4 64. Qd4+ Kf3 65. Qxc3+ Kf4 66. Qxa5 Ke3 67. Qd5 Kf4 68. a5 Ke3 69. a6 Ke2 70. a7 Ke3 71. a8=Q Ke2 72. Kd6 Ke3 73. Qe8+ Kf4 74. Qdf7+ Kg5 75. Qeg8+ Kh6 76. Qfh7# 1-0

[Event "Scarborough Foundation 47th"]
[Site "Scarborough"]
[Date "2024.10.25"]
[Round "1.28"]
[White "Sutton, Ronnie"]
[Black "Lovegrove, David Charles"]
[Result "1/2-1/2"]
[WhiteElo "1039"]
[BlackElo "1419"]
[PlyCount "48"]
[EventDate "2024.10.25"]
[EventType "swiss"]
[EventRounds "5"]
[EventCountry "ENG"]
[SourceTitle "BritBase"]
[Source "John Saunders"]
[SourceDate "2025.02.10"]
[SourceVersion "1"]
[SourceVersionDate "2025.02.10"]
[SourceQuality "1"]

1. e4 e5 2. d4 exd4 3. c3 Qe7 4. Bd3 d5 5. Qe2 dxe4 6. Bxe4 Nf6 7. Nd2 Nc6 8. a3 dxc3 9. bxc3 Nxe4 10. Nxe4 f5 11. Ng3 Qxe2+ 12. N3xe2 Bd6 13. Nf3 O-O 14. O-O a5 15. Bf4 Bxf4 16. Nxf4 b6 17. Rab1 a4 18. Rfe1 Kf7 19. Ng5+ Kg8 20. Nf3 Bd7 21. Rbd1 Rad8 22. Re2 Bc8 23. Rde1 Ba6 24. Re3 Bc4 1/2-1/2

[Event "Scarborough Foundation 47th"]
[Site "Scarborough"]
[Date "2024.10.25"]
[Round "1.29"]
[White "Kennedy, Liam"]
[Black "Choudhury, Zan"]
[Result "1-0"]
[WhiteElo "1419"]
[BlackElo "1020"]
[PlyCount "69"]
[EventDate "2024.10.25"]
[EventType "swiss"]
[EventRounds "5"]
[EventCountry "ENG"]
[SourceTitle "BritBase"]
[Source "John Saunders"]
[SourceDate "2025.02.10"]
[SourceVersion "1"]
[SourceVersionDate "2025.02.10"]
[SourceQuality "1"]

1. e4 c5 2. d4 e6 3. Nf3 Nf6 4. e5 Ng8 5. Bd3 Nc6 6. O-O cxd4 7. c3 d6 8. cxd4 d5 9. Nc3 Be7 10. Re1 Bd7 11. Be3 Qb6 12. Qd2 a6 13. Rac1 Bb4 14. a3 Be7 15. Na4 Qa5 16. Qc2 Na7 17. Nc5 Bc6 18. b4 Qxa3 19. Ra1 Qxb4 20. Reb1 Ba4 21. Rxa4 Qxb1+ 22. Qxb1 Nh6 23. Qxb7 O-O 24. Qxe7 Rfb8 25. Bxh6 gxh6 26. Rxa6 Re8 27. Qh4 Nc6 28. Qxh6 Nb4 29. Qxh7+ Kf8 30. Qh8+ Ke7 31. Qf6+ Kf8 32. Nd7+ Kg8 33. Qg5+ Kh8 34. Qh6+ Kg8 35. Qg7+ 1-0

[Event "Scarborough Foundation 47th"]
[Site "Scarborough"]
[Date "2024.10.25"]
[Round "1.30"]
[White "Iyer, Vihaan Mahesh"]
[Black "Fletcher, Martin G"]
[Result "0-1"]
[WhiteElo "1017"]
[BlackElo "1417"]
[PlyCount "66"]
[EventDate "2024.10.25"]
[EventType "swiss"]
[EventRounds "5"]
[EventCountry "ENG"]
[SourceTitle "BritBase"]
[Source "John Saunders"]
[SourceDate "2025.02.10"]
[SourceVersion "1"]
[SourceVersionDate "2025.02.10"]
[SourceQuality "1"]

1. e4 b6 2. b4 Bb7 3. Qf3 Nf6 4. Bd3 e6 5. Qe2 Bxb4 6. c3 Be7 7. f3 O-O 8. e5 Nd5 9. Be4 Nf4 10. Qe3 Nxg2+ 11. Ke2 Nxe3 12. Kxe3 Bxe4 13. Kxe4 Nc6 14. d4 d5+ 15. Ke3 Bg5+ 16. f4 Bh6 17. Ke2 Ne7 18. Nf3 Ng6 19. Rf1 Nxf4+ 20. Kf2 Nd3+ 21. Kg1 Nxc1 22. Nbd2 Bxd2 23. Nxd2 Nd3 24. Rf3 Qg5+ 25. Rg3 Qxd2 26. Rg2 Qe3+ 27. Kh1 Ne1 28. Rxe1 Qxe1+ 29. Rg1 Qxc3 30. Rg2 f5 31. exf6 Rxf6 32. Rg4 Rf1+ 33. Rg1 Qf3# 0-1

[Event "Scarborough Foundation 47th"]
[Site "Scarborough"]
[Date "2024.10.25"]
[Round "1.31"]
[White "Johnson, Stanley"]
[Black "Ward, Colin"]
[Result "1-0"]
[WhiteElo "1415"]
[BlackElo "1001"]
[PlyCount "29"]
[EventDate "2024.10.25"]
[EventType "swiss"]
[EventRounds "5"]
[EventCountry "ENG"]
[SourceTitle "BritBase"]
[Source "John Saunders"]
[SourceDate "2025.02.10"]
[SourceVersion "1"]
[SourceVersionDate "2025.02.10"]
[SourceQuality "1"]

1. d4 Nf6 2. c4 d6 3. Nc3 e5 4. d5 c6 5. e4 cxd5 6. cxd5 Nfd7 7. b4 g6 8. Nf3 h6 9. Qc2 g5 10. h3 Bg7 11. Nb5 Na6 12. Nxd6+ Ke7 13. Nf5+ Kf6 14. Bxa6 bxa6 15. Qc6# 1-0

[Event "Scarborough Foundation 47th"]
[Site "Scarborough"]
[Date "2024.10.25"]
[Round "1.34"]
[White "Smart, A David"]
[Black "Scorer, David M"]
[Result "0-1"]
[WhiteElo "1547"]
[BlackElo "1405"]
[PlyCount "48"]
[EventDate "2024.10.25"]
[EventType "swiss"]
[EventRounds "5"]
[EventCountry "ENG"]
[SourceTitle "BritBase"]
[Source "John Saunders"]
[SourceDate "2025.02.10"]
[SourceVersion "1"]
[SourceVersionDate "2025.02.10"]
[SourceQuality "1"]

1. d4 Nf6 2. Nf3 d5 3. e3 c6 4. Nbd2 Bg4 5. Be2 e6 6. O-O Be7 7. h3 Bh5 8. c4 O-O 9. b3 Nbd7 10. Bb2 Rc8 11. Rc1 Qc7 12. Nh2 Bxe2 13. Qxe2 Qb8 14. Ng4 Nxg4 15. hxg4 h6 16. f4 Nf6 17. g5 hxg5 18. fxg5 Nh7 19. Nf3 Nxg5 20. Nxg5 Bxg5 21. Rf2 Qd6 22. Rcf1 f5 23. Bc1 Rf7 24. Rf3 g6 0-1

[Event "Scarborough Foundation 47th"]
[Site "Scarborough"]
[Date "2024.10.26"]
[Round "2.1"]
[White "Coleman, Patrick N"]
[Black "Watson, Andrew T"]
[Result "0-1"]
[WhiteElo "1447"]
[BlackElo "1532"]
[PlyCount "118"]
[EventDate "2024.10.25"]
[EventType "swiss"]
[EventRounds "5"]
[EventCountry "ENG"]
[SourceTitle "BritBase"]
[Source "John Saunders"]
[SourceDate "2025.02.10"]
[SourceVersion "1"]
[SourceVersionDate "2025.02.10"]
[SourceQuality "1"]

1. d4 e6 2. c4 Nf6 3. a3 b6 4. Nf3 h6 5. Nc3 Bb7 6. g3 g5 7. Rg1 Ng4 8. e4 Nf6 9. Bd3 Bg7 10. e5 Ng8 11. Be3 Ne7 12. Qc2 Bxf3 13. g4 Bb7 14. b4 d6 15. f4 dxe5 16. dxe5 gxf4 17. Bxf4 Qd4 18. Rf1 Bxe5 19. Bd2 Qxg4 20. Be3 Bxh2 21. Qxh2 Qg7 22. Kd2 Qg2+ 23. Rf2 Qxh2 24. Rxh2 h5 25. Nb5 Kd7 26. Rg1 Nbc6 27. Be4 f5 28. Bf3 h4 29. Rg7 Rag8 30. Rxg8 Nxg8 31. Nxa7 Nf6 32. Kc3 Ne4+ 33. Bxe4 fxe4 34. Rd2+ Ke8 35. Nb5 Rh7 36. Bf4 e5 37. Bh2 h3 38. Re2 Nd4 39. Nxd4 exd4+ 40. Kxd4 Re7 41. Re3 Rd7+ 42. Kc3 Rh7 43. c5 bxc5 44. bxc5 Kd8 45. Kb4 Bd5 46. Kc3 c6 47. a4 Ra7 48. Rxh3 Rxa4 49. Rh8+ Kd7 50. Rh7+ Ke6 51. Rh6+ Kf5 52. Rh5+ Kg4 53. Rh8 Ra5 54. Kd2 Rxc5 55. Rh6 Ra5 56. Ke3 Ra3+ 57. Kd4 Ra4+ 58. Ke5 e3 59. Kd6 Re4 0-1

[Event "Scarborough Foundation 47th"]
[Site "Scarborough"]
[Date "2024.10.26"]
[Round "2.2"]
[White "Jones, Simon"]
[Black "Nettleship, Andrew"]
[Result "1/2-1/2"]
[WhiteElo "1423"]
[BlackElo "1527"]
[PlyCount "64"]
[EventDate "2024.10.25"]
[EventType "swiss"]
[EventRounds "5"]
[EventCountry "ENG"]
[SourceTitle "BritBase"]
[Source "John Saunders"]
[SourceDate "2025.02.10"]
[SourceVersion "1"]
[SourceVersionDate "2025.02.10"]
[SourceQuality "1"]

1. c4 c5 2. Nc3 g6 3. g3 Bg7 4. Bg2 Nf6 5. e4 d6 6. Nge2 O-O 7. O-O Bg4 8. h3 Bd7 9. d3 Nc6 10. Rb1 Qc8 11. Kh2 Ne8 12. Be3 f5 13. exf5 Bxf5 14. d4 Bxb1 15. Nxb1 cxd4 16. Nxd4 Nf6 17. Nc3 Nxd4 18. Qxd4 Qd7 19. Qd3 a6 20. b3 Rad8 21. Rd1 Kh8 22. Na4 e6 23. Bb6 Rde8 24. Qxd6 Qxd6 25. Rxd6 Rf7 26. Nc5 Bf8 27. Rxe6 Bxc5 28. Rxe8+ Nxe8 29. Bxc5 Rd7 30. Bd5 Kg7 31. Bd4+ Kf8 32. Bc5+ Kg7 1/2-1/2